000 00387nam a2200181Ia 4500
999 _c28197
_d28197
003 OSt
005 20250723133354.0
008 200615s9999||||xx |||||||||||||| ||und||
020 _a9780195669862
040 _cMUIT
082 _a650
_bRET-B
100 _aBAJAJ,CHETAN
245 0 _aRETAIL MANAGEMENT
250 _a1ST
260 _bOXFORD
_c2005
300 _a698
942 _cBK
_2ddc